ბათუმის შოთა რუსთაველის სახელმწიფო უნივერსიტეტის ბიბლიოთეკა

სტიქია და ეკომიგრანტები აჭარაში : (ბიბ.ჩანაწერი № 38484)

000 -ლიდერი
ფიქსირებული სიგრძის საკონტროლო ველი 01013nam a2200217Ia 4500
001 - საკონტროლო ნომერი
საკონტროლო ველი 4497
003 - საკონტროლო ნომრის იდენტიფიკატორი
საკონტროლო ველი GE_BSU
005 - ბოლო ოპერაციის თარიღი და დრო
საკონტროლო ველი 20191021111615.0
008 - ფიქსირებული სიგრძის მონაცემთა ელემენტები - ზოგადი ინფორმაცია
ფიქსირებული სიგრძის საკონტროლო ველი 181216s2005||||ge |||||||||||||| ||geo||
040 ## - კატალოგიზაციის წყარო
Transcribing agency GE_BSU
041 ## - ენის კოდი
Language code of text/sound track or separate title geo
080 ## - უნივერსალური ათობითი კლასიფიკაციის ინდექსი
Universal Decimal Classification number 551.5(479.223)(063) ს–84
245 ## - ცნობა სათაურის შესახებ
Title სტიქია და ეკომიგრანტები აჭარაში :
Remainder of title კონფერენციის მასალები 8–9 დეკემბერი.
264 ## - წარმოების, გამოცემის, დისტრიბუციის და სხვა ცნობები
გამოცემის, წარმოების, დისტრიბუციის... ადგილი ბათუმი,
გამოცემის, წარმოების, დისტრიბუციის... თარიღი 2005.
300 ## - ფიზიკური აღწერა
Extent 71 გვ. :
Other physical details ილ.;
Dimensions 20 სმ.
500 ## - ზოგადი შენიშვნა
General note დაიბეჭდა ფონდის “ღია საზოგადოება – საქართველო” ფინანსური ხელშეწყობით.
653 ## - INDEX TERM--UNCONTROLLED
Uncontrolled term სტიქიური მოვლენები აჭარაში
653 ## - INDEX TERM--UNCONTROLLED
Uncontrolled term ეკოლოგიური მიგრაციები
653 ## - INDEX TERM--UNCONTROLLED
Uncontrolled term კონფერენცია
942 ## - ADDED ENTRY ELEMENTS (KOHA)
Koha item type წიგნი
Source of classification or shelving scheme
ეგზემპლარები
ჩამოწერის სტატუსი დაკარგული ეგზემპლარის სტატუსი კლასიფიკაციის წყარო ან თაროზე გაწყობის სქემა დაზიანების სტატუსი არ გაიცემა მუდმივი მდებარეობა (დაცვის ადგილი) ამჟამინდელი ადგილსამყოფელი თაროზე განთავსების ადგილი შეძენის თარიღი სრული შენახვის შიფრი შტრიხკოდი ბოლო ოპერაციის თარიღი ეგზემპლარის მიმდევრობითი ნომერი (კეტერი?) ფასის ძალაში შესვლის თარიღი ეგზემპლარის სახეობა საჯარო შენიშვნა
          ბათუმის შოთა რუსთაველის სახელმწიფო უნივერსიტეტის მთავარი ბიბლიოთეკა ბათუმის შოთა რუსთაველის სახელმწიფო უნივერსიტეტის მთავარი ბიბლიოთეკა წიგნსაცავი 2018-12-17 551.5(479.223)(063) ს–84 6148 2018-12-17 6148 2018-12-17 წიგნი